000 00377 a2200145 4500
020 _a969474051
082 _a891.439
090 _c5667
_d5667
100 _aAshraf Nadeem.
245 _aJadeed Urdu Lughat
_cAshraf Nadeem.
260 _aIslamabad: .
_bMuqtadara Qomi Zuban,
_c2000
300 _a740 p. ;
_c26 cm.
650 _aUrdu language--Dictionary
942 _cBK
_k891.439 ASH
999 _c9513
_d9513